00421nam a2200121Ia 4500008004100000020002200041100002200063245008600085260004900171300002600220650002500246650002800271200908s9999 xx 000 0 und d a978-971-98-0456-7 aNocon, Rizaldi C. cRizaldi C. Nocon, Ederlina G. NoconaEssentials mathematics for the modern world/ aQuezon City:bC and E Publishing, Inc.c2016 aix, 338 pagesc25 cm. aBusiness mathematics aMathematical statistics